| 000 | 00335nam a22001457a 4500 | ||
|---|---|---|---|
| 003 | SGT | ||
| 020 | _a978-93-86261-79-3 | ||
| 082 |
_a617.3 _bE17E |
||
| 100 | _aEBNEZAR, JOHN | ||
| 245 | _aESSENTIALS OF ORTHOPEDICS FOR PHYSIOTHERAPISTS | ||
| 250 | _a3RD | ||
| 260 |
_aINDIA _bJAYPEE PUB. _c2017 |
||
| 300 | _a592 | ||
| 942 |
_2ddc _cBK _095 |
||
| 999 |
_c16982 _d16982 |
||